000 01339naa a2200349 c 4500
001 50158
999 _c50158
_d50158
003 ES-MaCES
005 20171027134319.0
008 171027s2017 uk ||||| t||||||| ||eng d
040 _aES-MaCES
_bspa
_cES-MaCES
_dES-MaCES
100 _938667
_aEnnser Jedenastik, Laurenz
245 1 0 _aHow women's political representation affects spending on family benefits
_cLaurenz Ennser-Jedenastik
500 _aResumen
504 _aBibliografía: p. 579-580
650 4 _928657
_amujeres
650 4 _928413
_atrabajadora
650 4 _927242
_aparticipación política
650 4 _927245
_apolítico
650 4 _929481
_aEstado-Benefactor
650 4 _929076
_aprotección social
650 4 _930598
_aresponsabilidades familiares
650 4 _927062
_acuidado infantil
650 4 _927038
_aprestaciones familiares
650 4 _928076
_agasto público
650 4 _928889
_aanálisis estadístico
650 4 _928892
_acomparación
650 4 _929055
_apaís de la OCDE
653 1 0 _aMujer
773 0 _986499
_dCambridge (The Edinburg Building, Shatesbury Road, CB2 2RU), [etc.] Cambridge University Press [ca. 1971]-
_o089396
_tJournal of social policy
_w(ES-MaCES)25625
_gvol. 46, part. 3 (July 2017) {10620 R. 089396} ;p. 563-581
902 _aART Artículo de revista
942 _2CES
_cAR
_h3.3.